000 00331nam a2200133Ia 4500
005 20260328104247.0
008 260328s9999||||xx |||||||||||||| ||und||
100 _aLe Corbusier
245 0 _aLe Couvent Sainte Marie :
_bde la tourette /
_cLe Corbusier
260 _bCerf
300 _a31 p.
650 _aARQUITECTOS
942 _cBK
999 _c10123
_d10123